|
|
|
|
| LEADER |
01025nab#a2200361#ar4500 |
| 001 |
000087362 |
| 003 |
SVKKK |
| 005 |
20071218142715.0 |
| 008 |
050331c2007 xo e eng |
| FMT |
|
|
|
| 015 |
|
|
|a SNBRB2007/12-ccccc
|
| 038 |
|
|
|a SVKKK
|
| 040 |
|
|
|a SVKKK
|b slo
|e AACR2
|
| 041 |
0 |
|
|a eng
|
| 044 |
|
|
|a xo
|c SK
|
| 080 |
|
|
|a 551.324.296(234.372.3)
|2 1997
|
| 080 |
|
|
|a 591.9
|2 1997
|
| 242 |
1 |
0 |
|a Fauna Brestovskej jaskyne (Západné Tatry)
|
| 245 |
0 |
0 |
|a Fauna of the Brestovská Cave (Západné Tatry Mts.)
|c Ľubomír Kováč ... [et al.]
|
| 650 |
0 |
4 |
|a fauna jaskynná
|z Brestovská ľadová jaskyňa (Slovensko)
|
| 651 |
|
4 |
|a Brestovská ľadová jaskyňa (Slovensko)
|x fauna
|
| 700 |
1 |
|
|a Kováč, Ľubomír
|4 aut
|
| 700 |
1 |
|
|a Mock, Andrej
|4 aut
|
| 700 |
1 |
|
|a Višňovská, Zuzana
|4 aut
|
| 700 |
1 |
|
|a Ľuptáčik, Peter
|4 aut
|
| 773 |
0 |
|
|t Aragonit
|x 1335-213X
|g Č. 12 (2007), s. 137-138
|
| 958 |
|
|
|a SK
|
| 974 |
|
|
|a Ni
|
| 992 |
|
|
|a RBX
|
| BAS |
|
|
|
| 852 |
|
|
|a SVKKK
|b BIB
|
| EXP |
|
|
|
| 998 |
|
|
|a GEO
|